Rural development : (Record no. 3467)

MARC details
000 -LEADER
fixed length control field 01282cam a2200325 a 4500
001 - CONTROL NUMBER
control field 2616225
003 - CONTROL NUMBER IDENTIFIER
control field OSt
005 - DATE AND TIME OF LATEST TRANSACTION
control field 20160412162015.0
008 - FIXED-LENGTH DATA ELEMENTS--GENERAL INFORMATION
fixed length control field 981030s1999 ii a b 001 0 eng
010 ## - LIBRARY OF CONGRESS CONTROL NUMBER
LC control number 98032121
020 ## - INTERNATIONAL STANDARD BOOK NUMBER
International Standard Book Number 0761993088 (c)
020 ## - INTERNATIONAL STANDARD BOOK NUMBER
International Standard Book Number 0761993096 (pbk. )
040 ## - CATALOGING SOURCE
Original cataloging agency DLC
Transcribing agency DLC
Modifying agency DLC
043 ## - GEOGRAPHIC AREA CODE
Geographic area code a-ii---
050 00 - LIBRARY OF CONGRESS CALL NUMBER
Classification number HN49.C6
Item number S56 1999
082 00 - DEWEY DECIMAL CLASSIFICATION NUMBER
Classification number 307.141
Edition number 21
Item number SIN 1999
100 1# - MAIN ENTRY--PERSONAL NAME
Personal name Singh, Katar,
Dates associated with a name 1939-
9 (RLIN) 7747
245 10 - TITLE STATEMENT
Title Rural development :
Remainder of title principles, policies, and management /
Statement of responsibility, etc. by Katar Singh.
250 ## - EDITION STATEMENT
Edition statement 2nd ed.
260 ## - PUBLICATION, DISTRIBUTION, ETC. (IMPRINT)
Place of publication, distribution, etc. New Delhi ;
-- Thousand Oaks, Calif. :
Name of publisher, distributor, etc. Sage,
Date of publication, distribution, etc. 1999.
300 ## - PHYSICAL DESCRIPTION
Extent 353 p. :
Other physical details ill. ;
Dimensions 22 cm.
504 ## - BIBLIOGRAPHY, ETC. NOTE
Bibliography, etc Includes bibliographical references (p. [336]-344) and index.
650 #0 - SUBJECT ADDED ENTRY--TOPICAL TERM
Topical term or geographic name as entry element Rural development.
9 (RLIN) 2024
650 #0 - SUBJECT ADDED ENTRY--TOPICAL TERM
Topical term or geographic name as entry element Rural development projects
Geographic subdivision India
General subdivision Case studies.
9 (RLIN) 7748
856 41 - ELECTRONIC LOCATION AND ACCESS
Materials specified Table of contents only
Uniform Resource Identifier http://www.loc.gov/catdir/enhancements/fy0657/98032121-t.html
856 42 - ELECTRONIC LOCATION AND ACCESS
Materials specified Publisher description
Uniform Resource Identifier http://www.loc.gov/catdir/enhancements/fy0660/98032121-d.html
906 ## - LOCAL DATA ELEMENT F, LDF (RLIN)
a 7
b cbc
c orignew
d 1
e ocip
f 19
g y-gencatlg
942 ## - ADDED ENTRY ELEMENTS (KOHA)
Source of classification or shelving scheme Dewey Decimal Classification
Koha item type Short Loan
Holdings
Withdrawn status Lost status Source of classification or shelving scheme Damaged status Not for loan Home library Current library Date acquired Inventory number Total Checkouts Full call number Barcode Date last seen Price effective from Koha item type
    Dewey Decimal Classification     MUST Main Library MUST Main Library 12/04/2016 2003/19869   307.141 SIN 1999 2016-0730 12/04/2016 12/04/2016 Short Loan